00557 2200217 4500245005900000020002200059250001100081100001800092700002500110700001600135650001500151650001000166005001900176260005700195041001400252084000800266300002500274336000900299337001000308338002100318 aMatematika untuk SMA/SMK Kelas XIcDicky SusantohText a978-602-244-789-5 aCet. 1 aDicky Susanto aSavitri K. Sihombing aTri Hartini aMatematika aEbook a20230616072124 aJakartabKementerian Pendidikan dan Kebudayaanc2021 aIndonesia a510 axvi, 152 hlm. :cPDF atext aother aother (computer)